[Event "AUS-ch Minor"]
[Site "Cammeray"]
[Date "2013.01.12"]
[Round "10"]
[White "Ibrahim, Victor"]
[Black "Renzies, Elliott"]
[Result "0-1"]
[ECO "C29"]
[WhiteElo "1562"]
[BlackElo "1378"]
[PlyCount "32"]
[EventDate "2013.01.02"]
[EventType "swiss"]
[EventRounds "11"]
[EventCountry "AUS"]
[SourceTitle "EXT 2022"]
[Source "ChessBase"]
[SourceDate "2021.10.06"]
[SourceVersion "1"]
[SourceVersionDate "2021.10.06"]
[SourceQuality "1"]

1. e4 e5 2. Nc3 Nf6 3. f4 Nc6 4. fxe5 Nxe5 5. d4 Ng6 6. e5 Ng8 7. Nf3 d6 8. Bc4 dxe5 9. 0-0 Nf6 10. Ng5 Qxd4+ 11. Kh1 Qxc4 12. Nce4 Be7 13. Nxf6+ Bxf6 14. c3 0-0 15. Qf3 Bg4 16. Qg3 Qxf1# 0-1

[Event "AUS-ch Minor"]
[Site "Cammeray"]
[Date "2013.01.10"]
[Round "8"]
[White "Gardiner Garden, Aelfric"]
[Black "Ibrahim, Victor"]
[Result "0-1"]
[ECO "A84"]
[WhiteElo "1311"]
[BlackElo "1562"]
[PlyCount "122"]
[EventDate "2013.01.02"]
[EventType "swiss"]
[EventRounds "11"]
[EventCountry "AUS"]
[SourceTitle "EXT 2022"]
[Source "ChessBase"]
[SourceDate "2021.10.06"]
[SourceVersion "1"]
[SourceVersionDate "2021.10.06"]
[SourceQuality "1"]

1. d4 e6 2. c4 f5 3. g4 c6 4. gxf5 exf5 5. e4 Bb4+ 6. Bd2 Bxd2+ 7. Nxd2 d5 8. cxd5 cxd5 9. e5 Nc6 10. Nb3 Nge7 11. Ne2 0-0 12. Nf4 Qe8 13. Bg2 Qf7 14. Qf3 Nb4 15. Qc3 Nbc6 16. Nc5 g5 17. Nh3 Qg6 18. Rg1 h6 19. f4 g4 20. Nf2 Kg7 21. b4 b6 22. Nb3 Ba6 23. a4 Bc4 24. b5 Nd8 25. Nd2 Rc8 26. Qb4 Qf7 27. Qa3 Nb7 28. Nd3 Na5 29. Nb4 Rfd8 30. Rc1 Ng6 31. Qg3 h5 32. Qe3 Qe6 33. Nc2 Nh4 34. Bh1 Rd7 35. Qf2 Ng6 36. Nb4 Qe7 37. Nxd5 Qa3 38. Kd1 Qxa4+ 39. Ke1 Rcd8 40. Nxc4 Nxc4 41. Qe2 Na3 42. e6 Rxd5 43. Bxd5 Qxd4 44. Rc7+ Kh6 45. Rg3 Qxd5 46. Rd7 Qh1+ 47. Kf2 Qxh2+ 48. Rg2 Qxf4+ 49. Kg1 Re8 50. Qb2 Rxe6 51. Rd1 Qe3+ 52. Kh1 Qf3 53. Qc1+ Qe3 54. Qb2 Nc4 55. Qa2 Nd6 56. Qb2 Ne4 57. Rdg1 Nh4 58. Qh8+ Kg5 59. Qg8+ Ng6 60. Qd8+ Rf6 61. Qc7 Nf2+ 0-1

[Event "AUS-ch Minor"]
[Site "Cammeray"]
[Date "2013.01.06"]
[Round "5"]
[White "Ibrahim, Victor"]
[Black "Ball, Christopher"]
[Result "0-1"]
[ECO "C00"]
[WhiteElo "1562"]
[BlackElo "1577"]
[PlyCount "50"]
[EventDate "2013.01.02"]
[EventType "swiss"]
[EventRounds "11"]
[EventCountry "AUS"]
[SourceTitle "EXT 2022"]
[Source "ChessBase"]
[SourceDate "2021.10.06"]
[SourceVersion "1"]
[SourceVersionDate "2021.10.06"]
[SourceQuality "1"]

1. e4 e6 2. b3 d5 3. Bb2 dxe4 4. Nc3 Nf6 5. Qe2 Be7 6. Nxe4 Nc6 7. Nf3 0-0 8. h3 b6 9. g4 Bb7 10. 0-0-0 Nd5 11. d3 a5 12. Rg1 a4 13. g5 axb3 14. axb3 Ba3 15. c4 Bxb2+ 16. Kxb2 Ndb4 17. Ra1 Rxa1 18. Kxa1 Nd4 19. Nf6+ Kh8 20. Nxd4 Qxd4+ 21. Qb2 Ra8+ 22. Kb1 Qxb2+ 23. Kxb2 gxf6 24. gxf6 Ra2+ 25. Kc3 c5 0-1